Analýza vzťahov na pracovisku
Problematika hodnotenia vzťahov na pracovisku zamestnancami vo vybraných podnikoch pôsobiacich vo východoslovenskom regióne.
Gespeichert in:
| 1. Verfasser: | |
|---|---|
| Weitere Verfasser: | |
| Format: | Buchkapitel |
| Sprache: | Slowakisch |
| Schlagworte: | |
| Tags: |
Keine Tags, Fügen Sie das erste Tag hinzu!
|
MARC
| LEADER | 00000naa$a2200000$$$4500 | ||
|---|---|---|---|
| 001 | 0050068 | ||
| 005 | 20240502071557.7 | ||
| 041 | 0 | |a slo | |
| 044 | |a SK | ||
| 245 | 1 | 0 | |a Analýza vzťahov na pracovisku |c Alena Bašistová, Marián Rimarčík |
| 520 | |a Problematika hodnotenia vzťahov na pracovisku zamestnancami vo vybraných podnikoch pôsobiacich vo východoslovenskom regióne. | ||
| 610 | 2 | 0 | |a vzťahy pracovné |
| 610 | 2 | 0 | |a prieskum informačný |
| 610 | 2 | 0 | |a pracovisko |
| 610 | 2 | 0 | |a Slovensko |
| 610 | 2 | 0 | |a zamestnanci |
| 100 | 1 | |a Bašistová, Alena | |
| 700 | 1 | |a Rimarčík, Marián | |